[Event "FRA-ch U12 Girls"]
[Site "Le Grand Bornand"]
[Date "2007.04.??"]
[Round "2"]
[White "Monemvasitis, Athina"]
[Black "Belafkih, Kimia"]
[Result "0-1"]
[WhiteElo "1460"]
[BlackElo "1600"]
[PlyCount "88"]
[EventDate "2007.04.07"]
[EventType "swiss"]
[EventRounds "9"]
[EventCountry "FRA"]
[SourceTitle "CBM 118 Extra"]
[Source "ChessBase"]
[SourceDate "2007.07.04"]
[SourceVersion "1"]
[SourceVersionDate "2007.07.04"]
[SourceQuality "1"]

1. e4 e5 2. Nf3 Nc6 3. Bc4 Be7 4. d3 Nf6 5. h3 d5 6. Bb5 Bd6 7. Nc3 d4 8. Ne2 Bd7 9. c3 dxc3 10. Nxc3 a6 11. Bxc6 Bxc6 12. Be3 Qe7 13. Qc2 Bc5 14. Bxc5 Qxc5 15. Rc1 0-0-0 16. 0-0 Rd7 17. Rfd1 Rhd8 18. Ne1 Nh5 19. Ne2 Qxc2 20. Rxc2 Bb5 21. Rcd2 g6 22. g4 Ng7 23. f4 f6 24. fxe5 fxe5 25. Kh2 Ne6 26. Kg3 Ng5 27. h4 Nxe4+ 28. dxe4 Rxd2 29. Rxd2 Rxd2 30. Nc3 Rd8 31. g5 Rf8 32. Ng2 Bf1 33. Ne3 Bd3 34. Ned5 b5 35. b4 c6 36. Nf6 h6 37. Kg4 hxg5 38. hxg5 Kd8 39. a3 Ke7 40. Kh4 Rh8+ 41. Kg4 Rh1 42. Kg3 Rg1+ 43. Kh4 Rc1 44. Ne2 Bxe2 0-1

[Event "FRA-chT U20 0506"]
[Site "France"]
[Date "2005.11.13"]
[Round "2.6"]
[White "Sauvan, Adrien"]
[Black "Monemvasitis, Athina"]
[Result "1-0"]
[WhiteElo "1430"]
[BlackElo "1520"]
[PlyCount "57"]
[EventDate "2005.11.12"]
[EventType "team"]
[EventRounds "3"]
[EventCountry "FRA"]
[SourceTitle "CBM 109 Extra"]
[Source "ChessBase"]
[SourceDate "2006.01.03"]
[SourceVersion "2"]
[SourceVersionDate "2006.01.03"]
[SourceQuality "1"]

1. e4 e5 2. Nf3 Nf6 3. Nxe5 d6 4. Nf3 Nxe4 5. d4 d5 6. Nbd2 Nf6 7. Bd3 Bd6 8. 0-0 0-0 9. c4 c6 10. c5 Bc7 11. Qc2 h6 12. Ne5 Nbd7 13. Ndf3 b6 14. Nxc6 Bxh2+ 15. Nxh2 Qc7 16. Ne5 Nxe5 17. dxe5 Qxe5 18. cxb6 axb6 19. Nf3 Qe6 20. Bd2 Bb7 21. Rfe1 Qg4 22. Bf5 Rac8 23. Qxc8 Bxc8 24. Bxg4 Bxg4 25. Ne5 Bf5 26. Be3 b5 27. f3 Bh7 28. Ng4 g5 29. Nxf6+ 1-0

[Event "Hastings Masters op 81st"]
[Site "Hastings"]
[Date "2005.03.15"]
[Round "5"]
[White "Monemvasitis, Athina"]
[Black "Beckwith, Stan"]
[Result "1-0"]
[WhiteElo "1190"]
[BlackElo "1644"]
[PlyCount "83"]
[EventDate "2005.12.28"]
[EventType "swiss"]
[EventRounds "10"]
[EventCountry "ENG"]
[SourceTitle "EXT 2007"]
[Source "ChessBase"]
[SourceDate "2006.11.23"]
[SourceVersion "1"]
[SourceVersionDate "2006.11.23"]
[SourceQuality "1"]

1. g3 d5 2. Bg2 e5 3. e3 Nc6 4. Ne2 Nf6 5. 0-0 Bf5 6. Re1 Bc5 7. d4 Bd6 8. Nbc3 e4 9. f3 0-0 10. g4 Bg6 11. Nf4 exf3 12. Bxf3 Be4 13. Ncxd5 Nxd5 14. Nxd5 Bxd5 15. Bxd5 Qh4 16. Qe2 Rae8 17. Bd2 Nxd4 18. Qg2 Nxc2 19. e4 Nxa1 20. Rxa1 c6 21. Be1 Qh6 22. g5 Qh5 23. Bb3 Re5 24. h4 Rfe8 25. Bc2 Bc5+ 26. Kf1 Rf8 27. Bc3 Re7 28. Qg3 Rd8 29. Re1 b5 30. b4 Bd6 31. e5 Bc7 32. Bf5 Rd1 33. Bg4 Rxe1+ 34. Bxe1 Qg6 35. Bc3 Qb1+ 36. Kf2 Qxa2+ 37. Be2 Bb6+ 38. Kf1 a5 39. Qg4 a4 40. Qc8+ Bd8 41. Qxd8+ Re8 42. Qxe8# 1-0

[Event "Hastings Masters op 81st"]
[Site "Hastings"]
[Date "2005.03.13"]
[Round "2"]
[White "Monemvasitis, Athina"]
[Black "Koskinen, Antti"]
[Result "1-0"]
[WhiteElo "1190"]
[BlackElo "979"]
[PlyCount "81"]
[EventDate "2005.12.28"]
[EventType "swiss"]
[EventRounds "10"]
[EventCountry "ENG"]
[SourceTitle "EXT 2007"]
[Source "ChessBase"]
[SourceDate "2006.11.23"]
[SourceVersion "1"]
[SourceVersionDate "2006.11.23"]
[SourceQuality "1"]

1. g3 d6 2. c4 e5 3. Nc3 Nf6 4. Bg2 Nc6 5. b3 Be7 6. e3 0-0 7. Nge2 Be6 8. 0-0 Qd7 9. d4 exd4 10. exd4 Bh3 11. Bxh3 Qxh3 12. Nf4 Qf5 13. d5 Nb8 14. Re1 Re8 15. Nb5 Na6 16. Qd4 Ng4 17. Qe4 Qg5 18. Bb2 Qh6 19. h3 Ne5 20. Bxe5 Bf6 21. Re3 Re7 22. Qf5 Bxe5 23. Kg2 Bxa1 24. Rxe7 Bf6 25. Nxc7 g6 26. Qxf6 Nxc7 27. Rxc7 Qg7 28. Qxg7+ Kxg7 29. Rxb7 a5 30. Rb6 a4 31. Rxd6 axb3 32. axb3 Ra3 33. Rb6 Kf8 34. d6 Ke8 35. c5 Kd7 36. Nd5 h5 37. Rb7+ Kc6 38. Rc7+ Kxd5 39. d7 Rxb3 40. d8Q+ Kc4 41. c6 1-0